| 000 | 00971cam a22003133a 4500 | ||
|---|---|---|---|
| 001 | 0000759 | ||
| 003 | DO-SdBNP | ||
| 005 | 20180206145228.0 | ||
| 007 | 0000759 | ||
| 008 | 861112 2003 sp a 000 0 spa d | ||
| 010 | _a | ||
| 020 | _a8420464937 | ||
| 040 |
_aBPMSU _cspa _dBPMSU _d |
||
| 100 | 1 |
_aMolina, María Isabel _d1941- |
|
| 245 | 1 | 3 |
_aEl señor del cero / _cMaría Isabel Molina ; ilustraciones Francisco Solé |
| 250 | _a19a. ed. | ||
| 260 |
_aMadrid, España : _bAlfaguara, _bSantillana ediciones generales, _c2003. |
||
| 300 |
_a153 p. : _bil. _c20 cm. |
||
| 490 | 0 | _aPróxima parada Alfaguara | |
| 500 | _aIncluye datos biográficos de la autora. | ||
| 500 | _aLiteratura para niños a partir de los 12 años. | ||
| 521 | _aA partir de 12 años. | ||
| 600 | 0 | 0 |
_a _x |
| 700 | 1 | 2 |
_aSolé, Francisco _eil. |
| 830 | 0 | _aPróxima parada Alfaguara | |
| 942 |
_2ddc _cBK |
||
| 945 | _aInventariado, 2018 / BT | ||
| 956 |
_2YLOCKWARD _310 _8BPMSU |
||
| 999 |
_c11710 _d11710 |
||